1601 1153 1168 1743 1612 1933 1829 1969 1597 1827 1542 1045 1615 1971 1723 1141 1618 1493 1883 1721 1787 1141 1860 1937 1686 1936 1248 1127 1989 1679 1001 1035 1114 1406 1764 1492 1781 1165 1744 1096 1865 1658 1012 1975 1882 1712 1472 1503 1275 1583 1036 1590 1709 1457 1856 1883 1586 1833 1324 1599 1460 1089 1058 1519 1502 1373 1178 1356 1718 1339 1367 1294 1762 1551 1934 1291 1461 1326 1973 1854 1948 1012 1189 1012 1181 1481 1574 1501 1902 1420 1201 1229 1092 1182 1401 1539 1262 1475 1921 BCNSPRNW ULIB Ver.6.0+V

เปลี่ยนเป็นภาษาไทย

Change to English
 แสดงรายละเอียดบรรณานุกรม
  กลับหน้าหลัก

Brief Record : Get Marc (ISO 2709) : E-mail record : QR code < ปิดหน้าต่าง
LEADER : 00000nam 2200000uu 4500
001    13399111737
003     ULIB
008    110707s2543||||th 000 0 tha d
020    9748429997
020    9789748429991
050  4 DS566.2^bธ684ค 2543
100 0  ธีรภาพ โลหิตกุล
245 10 คนโยนฟืน /^cธีรภาพ โลหิตกุล
250    พิมพ์ครั้งที่ 3
260    กรุงเทพฯ :^bแพรวสำนักพิมพ์,^c2543
300    197 หน้า :^bภาพประกอบ ;^c22 ซม.
490 0  สารคดี ;^vลำดับที่ 21
651  7 ไทย ^xภูมิประเทศและการท่องเที่ยว
653    Open Your Eyes Project
945    ^p155^l0^i015955
995     ทศพร
999 ^a ใช้งานได้ทุกระบบ
รายการนี้ยังไม่มีแท็ก
คุณยังไม่ได้ล็อกอิน คุณสามารถมีกิจกรรมร่วมกับเว็บไซต์ได้ แต่ต้องล็อกอินก่อน ::
  ล็อกอิน

รายการสื่อสารสนเทศ

ลำดับที่ ประเภท เลขเรียก/บาร์โค้ด สถานที่ สถานะ
- ไม่พบข้อมูล -

รายการใกล้เคียง
    ผู้แต่ง [ธีรภาพ โลหิตกุล]

BibComment


ยังไม่เคยถูกคอมเมนท์

คอมเมนท์ทรัพยากรรายการนี้
  คอมเมนท์: คนโยนฟืน ธีรภาพ ..


 Copyright 2026. Bcnsprnw @Library